Bilecik Bilecik Bilecik Bilecik Bilecik

Benim üniversitelerim/ (Record no. 12973)

MARC details
000 -BAŞLIK
Sabit Uzunluktaki Kontrol Alanı 00827nam a22003017a 4500
001 - KONTROL NUMARASI
Control Dosyası 0013006
003 - KONTROL NUMARASI KİMLİĞİ
Kontrol Alanı KOHA_MİRAKIL
005 - EN SON İŞLEM TARİHİ ve ZAMANI
Kontrol Alanı 20260207001906.0
007 - FİZİKSEL TANIM SABİT ALAN - GENEL BİLGİ
Sabit uzunluklu kontrol alanı ta
008 - SABİT UZUNLUKTAKİ VERİ ÖGELERİ - GENEL BİLGİ
Sabit Alan 100210b1999 tu |||gr||||#0|||1|tur |
020 ## - ISBN - ULUSLARARASI STANDART KİTAP NUMARASI
Isbn 9753790864
040 ## - KATALOGLAMA KAYNAĞI
Özgün Kataloglama Kurumu TR-BiSEU
Kataloglama Dili tur
Çeviri Kurumu TR-BiSEU
Açıklama Kuralları rda
041 0# - DİL KODU
Metin ya da ses kaydının dil kodu tur
044 ## - YAYINLAYAN/ÜRETEN KURULUŞUN ÜLKE KODU
ISO country code tu
050 ## - SINIFLAMA ve YER NUMARASI
Sınıflama Numarası PG3465
Yer Numarası .B46 1999
100 1# - KİŞİ ADI
Yazar Adı (Kişi adı) Gorki, Maksim .
245 1# - ESER ADI BİLDİRİMİ
Başlık Benim üniversitelerim/
Sorumluluk Bildirimi Maksim Gorki ; Maksim Gorki; çeviren Hasan Ali Ediz.
250 ## - BASIM BİLDİRİMİ
Basım Bildirimi 4.bsk.
264 #1 - ÜRERİM, YAYIN, DAĞITIM ve TELİF BİLDİRİMİ
Yayın yeri İstanbul :
Yayınlayan Engin Yayıncılık
Yayın tarihi 1999
300 ## - FİZİKSEL TANIMLAMA
Sayfa, Cilt vb. 190 sayfa ;
Boyutları 20 cm.
336 ## - İÇERİK TÜRÜ
Content type term metin
Content type code txt
Source rdacontent
337 ## - MEDYA TÜRÜ
Media type term aracısız
Media type code n
Source rdamedia
338 ## - TAŞIYICI TÜRÜ
Carrier type term cilt
Carrier type code nc
Source rdacarrier
650 #0 - KONU BAŞLIĞI EK GİRİŞ - KONU TERİMİ
Konusal terim veya coğrafi ad Rus romanı.
9 (RLIN) 7265
650 #0 - KONU BAŞLIĞI EK GİRİŞ - KONU TERİMİ
Konusal terim veya coğrafi ad Russian fiction.
9 (RLIN) 7266
907 ## - LOCAL DATA ELEMENT G, LDG (RLIN)
a Roman
942 ## - EK GİRİŞ ÖGELERİ (KOHA)
Source of classification or shelving scheme Library of Congress Classification
Koha item type Book
Holdings
Materyal Türü Kalıcı Konum Mevcut Konum Raf Yeri Sınıflandırma Kaynağı Edinim Bilgisi Ana Konular Alt Konular Yer Numarası Demirbaş Numarası Fatura Tarihi Maliyet, Alış Fiyatı Maliyet, Yenileme Fiyatı Geri Çekilme Durumu Kayıp Durumu Hasarlı Durumu Kredi için değil Kayıt Tarih Toplam Ödünçverme Son Görülme Tarihi Son Kontrol Tarihi Genel / Bağış Notu
Book Prof. Dr. Azmi Özcan Kütüphanesi Prof. Dr. Azmi Özcan Kütüphanesi Birûni Salonu Library of Congress Classification Bağış DİL VE EDEBİYAT Slav Dilleri, Baltık Dilleri, Arnavutça PG3465 .B46 1999 0013006 02/02/2026 3.50 3.50         10/02/2010 1 05/12/2024 05/12/2024 Genel Bağış